000 01068cam a22003377a 4500
001 16339612
003 OSt
005 20140310181756.0
008 100719s2010 nyuabf b 001 0 eng d
010 _a 2010281010
020 _a9781590202852
035 _a(OCoLC)ocn426803504
040 _aBTCTA
_cBTCTA
_dOCO
_dYDXCP
_dORX
_dCLE
_dBWX
_dDLC
042 _alccopycat
043 _aa-ph---
050 0 0 _aDS 668
_b.F817 2010
082 0 4 _aFIL 909
_bF817 2010
100 1 _aFrancia, Luis,
_d1945-
245 1 2 _aA history of the Philippines :
_bfrom Indio Bravos to Filipinos /
_cLuis H. Francia
250 _a1st ed.
260 _aNew York, NY :
_bOverlook Press,
_cc2010.
300 _a352 p. ;
_bill. ;
_c23 cm.
504 _aIncludes bibliographical references (p. [325]-332) and index.
521 _a
541 _j1
562 _e1
651 0 _aPhilippines
_xHistory.
906 _a0
_bibc
_ccopycat
_d2
_encip
_f20
_gy-gencatlg
942 _2lcc
_cBK-FIL
_kFIL
999 _c3423
_d3423